00894cac a22002411u 4500090000900000008004100009010001500050020002800065020003400093082001700127100003400144245004900178260004100227300003300268440004400301500002700345504006800372511002800440650002300468942002400491999001500515952012200530 c7467081105t2004 xxu||||| |||| 00| 0 eng d a2004005400 a1405113146 (alk. paper) a1405113154 (pbk : alk. paper)00a152.409bOAT aOatley, Keith. 10aEmotions :ba brief history /cKeith Oatley. aMalden, MA :bBlackwell Pub.,c2004. axi, 190 p. :bill. ;c23 cm. 0aBlackwell brief histories of psychology aDistributer: Al-Ahram. aIncludes bibliographical references (p. [166]-180) and indexes. aCatalogued By: Mahitab. 0aEmotionsxHistory. cBBk152.409OAT2ddc c7467d7467 00104070aMAINbMAINcLOWd2008-01-24ePurchasel14m71o152.409OATp000009032r2025-08-24 00:00:00s2025-02-24yBB